Movies Quiz

Random Movies or Actor Quiz

David Koechner Movies Quiz Stats

 Plays Quiz Updated Jan 2, 2018

Challenge
Share
Tweet
Embed
Score 0/70 Timer 10:00
4 Plays Today
Year Movie % Correct
2004Anchorman: The Legend of Ron Burgundy
91.6%
2013Anchorman 2: The Legend Continues
78.9%
2006Talladega Nights: The Ballad of Ricky Bobby
27.9%
2005The 40-Year-Old Virgin
26.6%
2008Get Smart
19.1%
2015Krampus
18.8%
2011Paul
17.5%
2008Semi-Pro
17.3%
2007The Comebacks
15.8%
2005The Dukes of Hazzard
15.7%
2006Snakes on a Plane
15.5%
2005Thank You For Smoking
15.1%
2011Final Destination 5
14.9%
2001Out Cold
14.8%
2007Balls of Fury
13.7%
1997Wag the Dog
13.7%
2005Waiting...
13.5%
2009Extract
13.5%
2013Cheap Thrills
13.5%
2006Barnyard
13.3%
2016Priceless
13%
1999Austin Powers: The Spy Who Shagged Me
12.8%
2013A Haunted House
12.5%
1998Dirty Work
12.4%
1999Man on the Moon
12.2%
2012Hit and Run
12%
2015Road Hard
11.8%
2006Let's Go to Prison
11.7%
2012Piranha 3DD
11.7%
2005Yours, Mine & Ours
11.6%
2015Scouts Guide to the Zombie Apocalypse
11.5%
2007Reno 911!: Miami
11.5%
2009The Goods: Live Hard, Sell Hard
11.4%
2003My Boss's Daughter
11.3%
2003A Guy Thing
11.3%
Year Movie % Correct
2002Run Ronnie Run
11.2%
2013No Clue
11.2%
2008Drillbit Taylor
10.8%
2009The Perfect Game
10.7%
2015Hell & Back
10.6%
2017Gnome Alone
10.6%
2012Small Apartments
10.2%
2006Unaccompanied Minors
10%
2000Whatever It Takes
9.9%
2005Daltry Calhoun
9.7%
2006Larry the Cable Guy: Health Inspector
9.4%
2008Sex Drive
9.3%
2014Hits
9%
2009My One and Only
8.7%
2012Wedding Day
8.2%
1999Dill Scallion
8.1%
2009Tenure
8.1%
2002American Girl
7.9%
2011A Good Old Fashioned Orgy
7.9%
2017CHiPs
7.8%
1995It's Now... or NEVER!
7.7%
2002The Third Wheel
7.7%
2002Waking Up in Reno
7.6%
2000Dropping Out
7.5%
2007Wild Girls Gone
7%
2007Careless
6.3%
2013Crawlspace
6.2%
2014Jason Nash Is Married
5.9%
2006Farce of the Penguins
5.6%
2018Then Came You
4%
2017The Pine Tar Incident: Making of Tar Wars
2.1%
2017I'm Not Here
1.3%
2016Bernard and Huey
1.1%
2016How to Get Girls
1%
2018All Creatures Here Below
0.2%

You're not logged in!

Compare scores with friends on all Sporcle quizzes.
OR
Log In

You Might Also Like...

Show Comments

Extras

Top Quizzes Today


Score Distribution

Your Account Isn't Verified!

In order to create a playlist on Sporcle, you need to verify the email address you used during registration. Go to your Sporcle Settings to finish the process.

Report this User

Report this user for behavior that violates our Community Guidelines.

Details: